| 000 | 00747nam a2200265Ia 4500 | ||
|---|---|---|---|
| 005 | 20260429111856.0 | ||
| 008 | 260429s9999||||xx |||||||||||||| ||und|| | ||
| 020 | _a9781555814150 | ||
| 041 | _aEnglish | ||
| 082 |
_a616.9101 _bRIC |
||
| 100 | _aRichman, Douglas D. | ||
| 245 | 0 |
_aClinical virology / _cDouglas D. Richman |
|
| 250 | _a3rd ed. | ||
| 260 |
_aWashington : _bAmerican Society for Microbiology Press, _c2010. |
||
| 300 | _axvi, 1375 p.; hb | ||
| 650 | _a Diagnostic virology | ||
| 650 | _a Infectious diseases | ||
| 650 | _a Medical microbiology | ||
| 650 | _a Viral diseases | ||
| 650 | _a Viruses | ||
| 650 | _aClinical virology | ||
| 700 | _a Hayden, Frederick G. | ||
| 700 | _a Whitley, Richard J. | ||
| 942 | _cTB | ||
| 999 |
_c51232 _d51232 |
||